| Поле | Название | Значение |
| |
Тип записи |
a |
| |
Библиографический уровень |
m |
| 001 |
Контрольный номер |
RU/SLIB/B/208781044 |
| 005 |
Дата корректировки |
20201206204342.8 |
| 010 |
Индекс ISBN |
__ |
| a |
ISBN |
5-89194-106-6 |
| d |
Цена |
70-50 |
| 101 |
Язык документа |
__ |
| a |
Язык текста |
rus |
| c |
Язык оригинала |
rus |
| 200 |
Заглавие и сведения об ответственности |
1_ |
| a |
Заглавие |
Оплата и нормирование труда |
| e |
Сведения, относящиеся к заглавию |
пост. коммент. к разделу 4 Трудового кодекса Рос. Федерации |
| f |
Первые сведения об ответственности |
[О. М. Медведев и др. ; общ. ред. М. Ю. Тихомирова] |
| b |
Общее обозначение материала |
Текст |
| 210 |
Выходные данные |
__ |
| a |
Место издания |
М. |
| c |
Издательство |
М. Ю. Тихомиров |
| d |
Дата издания |
2004 |
| 215 |
Физическое описание |
__ |
| a |
Объем |
142 с. |
| 330 |
Аннотация |
__ |
| a |
Аннотация |
Проанализированы правовые нормы, определяющие формы оплаты труда, а также регулирующие отношения, связанные с установлением и выплатой заработной платы, нормированием труда. |
| 605 |
Заглавие как предмет |
__ |
| a |
Заглавие |
Трудовой кодекс Российской Федерации. Разд. 4 |
| 605 |
Заглавие как предмет |
__ |
| a |
Заглавие |
Гражданско-процессуальный кодекс РСФСР |
| 605 |
Заглавие как предмет |
__ |
| a |
Заглавие |
Гражданский процессуальный кодекс РСФСР |
| 605 |
Заглавие как предмет |
__ |
| a |
Заглавие |
О профессиональных союзах, их правах и гарантиях деятельности : Федер. закон Российской Федерации |
| 605 |
Заглавие как предмет |
__ |
| a |
Заглавие |
Кодекс Российской Федерации об административных правонарушениях |
| 605 |
Заглавие как предмет |
__ |
| a |
Заглавие |
Налоговый кодекс Российской Федерации |
| 605 |
Заглавие как предмет |
__ |
| a |
Заглавие |
Семейный кодекс Российской Федерации |
| 605 |
Заглавие как предмет |
__ |
| a |
Заглавие |
Уголовно-исполнительный кодекс Российской Федерации |
| 605 |
Заглавие как предмет |
__ |
| a |
Заглавие |
Уголовный кодекс Российской Федерации |
| 605 |
Заглавие как предмет |
__ |
| a |
Заглавие |
Уголовно-процессуальный кодекс Российской Федерации |
| 606 |
Тематические рубрики |
__ |
| a |
Основная рубрика |
Право |
| z |
Хронологическая подрубрика |
21 в. |
| y |
Географическая подрубрика |
Россия; РФ; Российская Федерация |
| 606 |
Тематические рубрики |
__ |
| a |
Основная рубрика |
Трудовое право |
| 610 |
Ключевые слова |
__ |
| a |
Ключевые слова |
нормативные акты; нормативные документы; правовые нормы; нормирование труда; оплата труда; заработная плата; минимальная заработная плата; тарифная система; тарифное нормирование; нормы труда; кодексы; правовое регулирование; правовые отношения; условия труда; стимулирующие выплаты |
| 686 |
Индексы других классификаций |
__ |
| a |
Классификационный индекс |
67.405.114(2Рос) |
| 702 |
Вторичная интеллектуальная ответственность |
_1 |
| a |
Фамилия |
Медведев |
| b |
Имя |
О. М. |
| 4 |
Код отношения |
Автор |
| 4 |
Код отношения |
070 |
| 702 |
Вторичная интеллектуальная ответственность |
_1 |
| a |
Фамилия |
Оглоблина |
| b |
Имя |
О. М. |
| 4 |
Код отношения |
Автор |
| 4 |
Код отношения |
070 |
| 702 |
Вторичная интеллектуальная ответственность |
_1 |
| a |
Фамилия |
Тихомиров |
| b |
Имя |
М. Ю. |
| 4 |
Код отношения |
Автор |
| 4 |
Код отношения |
070 |
| 4 |
Код отношения |
340 |
| 801 |
Источник записи |
_0 |
| a |
Страна |
RU |
| b |
Организация |
Муниципальное бюджетное учреждение культуры "Централизованная библиотечная система" г. Сургут (Центральная городская библиотека им. А. С. Пушкина) |
| g |
Правила каталогизации |
КиК/Поспелова |
| 801 |
Источник записи |
_1 |
| a |
Страна |
RU |
| b |
Организация |
Муниципальное бюджетное учреждение культуры "Централизованная библиотечная система" г. Сургут (Центральная городская библиотека им. А. С. Пушкина) |
| g |
Правила каталогизации |
КиК/Поспелова |
| 852 |
Данные о местонахождении |
__ |
| j |
Шифр хранения |
67.405.114(2Рос) |
| c |
Каталожный индекс |
67.405(2Рос) |
| i |
Авторский знак |
О-61 |
| p |
Инвентарный номер |
Б/Н |
| 901 |
Тип документа |
__ |
| t |
Тип документа |
m |
| 903 |
Характеристики (МАРС) |
__ |
| a |
Дата передачи |
20060209 |
| 990 |
Данные о заказе (DOS) |
__ |
| j |
Количество экземпляров (DOS) |
1 |
| h |
N записи в КСУ для Б/У (DOS) |
200602 |